| 000 | 00713nam a22002537a 4500 | ||
|---|---|---|---|
| 003 | Ost | ||
| 005 | 20140310184504.0 | ||
| 008 | 131012t xxu||||| |||| 00| 0 eng d | ||
| 020 | _a0590254782 | ||
| 040 |
_aDLC _bDLC _cDLC |
||
| 050 |
_aPZ 8 _b.L48Pr 1951 |
||
| 100 |
_aLewis, C. S. _d(Clive Staples), _928869 |
||
| 245 |
_aPrince Caspian / _cC.S Lewis ; Illustrated by Pauline Baynes |
||
| 260 |
_aU.S.A : _bScholastics Inc., _c1951. |
||
| 300 |
_a223 p. : _bill. ; _c19 cm. |
||
| 490 | _aThe chronicles of Narnia | ||
| 521 | _aG7 | ||
| 526 | _c840 | ||
| 650 |
_aFantasy. _93293 |
||
| 700 |
_aBaynes, Pauline, _dill. _928870 |
||
| 830 | _aPrince Caspian | ||
| 942 |
_2lcc _cBK-SCHOLAS |
||
| 999 |
_c34807 _d34807 |
||